King Edward VII; (Record no. 552816)

000 -LEADER
fixed length control field 00529cam a2200145I 4500
082 ## - DEWEY DECIMAL CLASSIFICATION NUMBER
Classification number 923.141
Author Mark LEE
100 1# - MAIN ENTRY--PERSONAL NAME
Personal name Lee, Sidney,
9 (RLIN) 49950
245 10 - TITLE STATEMENT
Title King Edward VII;
Remainder of title a biography,
Statement of responsibility, etc. by Sir Sidney Lee ...
260 ## - PUBLICATION, DISTRIBUTION, ETC.
Place of publication, distribution, etc. New York,
Name of publisher, distributor, etc. The Macmillan Company,
Date of publication, distribution, etc. 1925-27.
300 ## - PHYSICAL DESCRIPTION
Extent 2 v.
Other physical details fronts., ports., maps, facsims., fold. geneal. tab.
Dimensions 24 cm.
505 0# - FORMATTED CONTENTS NOTE
Formatted contents note I. From birth to accession.--II. The reign, 22nd January, 1901 to 6th May, 1910.
526 ## - STUDY PROGRAM INFORMATION NOTE
Program name 0
Interest level 0
Reading level 0
Title point value 923_141000000000000_LEE
650 ## - SUBJECT ADDED ENTRY--TOPICAL TERM
Topical term or geographic name entry element MCE
9 (RLIN) 379
942 ## - ADDED ENTRY ELEMENTS (KOHA)
Source of classification or shelving scheme
Koha item type Book
Holdings
Withdrawn status Lost status Source of classification or shelving scheme Damaged status Not for loan Permanent Location Current Location Shelving location Date acquired Total Checkouts Full call number Barcode Date last seen Price effective from Koha item type
          Military College of Engineering (MCE) Military College of Engineering (MCE)   01/22/2015   923.141 LEE MCE-ECR/6 01/22/2015 01/22/2015 Book
© 2023 Central Library, National University of Sciences and Technology. All Rights Reserved.